书目信息 |
| 题名: |
天工開物
|
|
| 作者: | 宋应星 著 ;奉新縣宋应星科技文化团管理委员会 编 | |
| 分册: | 中 | |
| 出版信息: | 南昌 江西人民出版社 2010.11 |
|
| 页数: | 77页 | |
| 开本: | 28cm | |
| 丛书名: | ||
| 单 册: | ||
| 中图分类: | N092 | |
| 科图分类: | ||
| 主题词: | 手工业史--shou gong ye shi--中国--古代 , 农业史--nong ye shi--中国--古代 | |
| 电子资源: | ||
| ISBN: | 978-7-210-04634-9 | |
| 000 | 01133nam0 2200289 450 | |
| 001 | 012011520140 | |
| 005 | 20110802090321.00 | |
| 010 | @a978-7-210-04634-9@b线装@dCNY193.00 | |
| 100 | @a20110802d2010 em y0chiy0120 ea | |
| 101 | 0 | @achi |
| 102 | @aCN@b360000 | |
| 105 | @aac z 000yy | |
| 106 | @ar | |
| 200 | 1 | @a天工開物@Atian gong qian wu@h中@f(明) 宋应星著@F(ming)song ying xing zhu |
| 205 | @a影印本 | |
| 210 | @a南昌@c江西人民出版社@d2010.11 | |
| 215 | @a77页@c图, 肖像@d28cm | |
| 314 | @a编者取自版权页 | |
| 330 | @a《天工开物》对中国古代的各项技术进行了系统地总结,构成了一个完整的科学技术体系。收录了农业、手工业、工业――诸如机械、砖瓦、陶瓷、硫磺、烛、纸、兵器、火药、纺织、染色、制盐、采煤、榨油等生产技术。 | |
| 518 | 1 | @a天工开物@Atian gong kai wu |
| 606 | 0 | @a手工业史@Ashou gong ye shi@y中国@z古代 |
| 606 | 0 | @a农业史@Anong ye shi@y中国@z古代 |
| 690 | @aN092@v4 | |
| 701 | 0 | @a宋应星@Asong ying xing@4著 |
| 712 | 02 | @a奉新縣宋应星科技文化团管理委员会@Afeng xin xuan song ying xing ke ji wen hua tuan guan li wei yuan hui@4编 |
| 801 | 0 | @aCN@bQSSK@c20110802 |
| 905 | @b794469-71@dN092@eS788:2@f3 | |
| 天工開物.中/(明) 宋应星著.-影印本.-南昌:江西人民出版社,2010.11 |
| 77页:图, 肖像;28cm |
| ISBN 978-7-210-04634-9(线装):CNY193.00 |
| 《天工开物》对中国古代的各项技术进行了系统地总结,构成了一个完整的科学技术体系。收录了农业、手工业、工业――诸如机械、砖瓦、陶瓷、硫磺、烛、纸、兵器、火药、纺织、染色、制盐、采煤、榨油等生产技术。 |
| ● |
| 相关链接 |
|
|
|
正题名:天工開物
索取号:N092/S788:2
 
预约/预借
| 序号 | 登录号 | 条形码 | 馆藏地/架位号 | 状态 | 备注 |
| 1 | 794469 | 207944698 | 自科库401/ [索取号:N092/S788:2] | 在馆 | |
| 2 | 794470 | 207944705 | 自科库401/ [索取号:N092/S788:2] | 在馆 | |
| 3 | 794471 | 207944714 | 自科库401/ [索取号:N092/S788:2] | 在馆 |